Facundo: civilización y barbarie

Saved in:
書目詳細資料
主要作者: Sarmiento, Domingo Faustino (Author)
格式: 圖書
語言:西班牙语
出版: Buenos Aires Universitaria de Buenos Aires 1961
叢編:Serie del Siglo y Medio, 32
主題:
標簽: 添加標簽
沒有標簽, 成為第一個標記此記錄!

MARC

LEADER 00000nam a2200000 a 4500
001 UCT6594
003 CL-VaPUC
008 970113e19610000AG |||||||||||||||||spa|d
082 0 4 |a Ar863  |b SAR  |2 21 
100 |a Sarmiento, Domingo Faustino  |e author  |9 311947 
245 1 0 |a Facundo: civilización y barbarie 
300 |a 259 p 
942 |c BK 
945 |d 19970113 00:00:00  |a rleighto 
260 |a Buenos Aires  |b Universitaria de Buenos Aires  |c 1961 
650 7 |a NOVELA HISTORICA  |2 CL-VaPUC  |9 315497 
651 0 |a Argentina  |9 254888 
583 |a last modification  |c 19970113 00:00:00  |k Rodrigo Vera 
490 0 |a Serie del Siglo y Medio, 32 
999 |c 255282  |d 255280 
952 |0 0  |1 0  |4 0  |6 AR_863_000000000000000_SAR_1961  |7 0  |8 A  |9 277465  |a BIBEDU  |b BIBEDU  |d 2019-11-19  |i 3265889  |o Ar863 SAR 1961  |p 3265889  |r 2019-11-19  |w 2019-11-19  |y BK  |k LIT